logo

Bir Sreshtho Munshi Abdur Rouf Library
Jhenaidah Cadet College

Velazquez / (Record no. 10160)

MARC details
000 -LEADER
fixed length control field 01009cam a2200289 a 4500
001 - CONTROL NUMBER
JCCL Control Number 10160
003 - CONTROL NUMBER IDENTIFIER
JCCL marc code BD - JhCC
005 - DATE AND TIME OF LATEST TRANSACTION
control field 20180920125402.0
008 - FIXED-LENGTH DATA ELEMENTS--GENERAL INFORMATION
fixed length control field 180417s1962 enkf b 001 0deng
035 ## - SYSTEM CONTROL NUMBER
system control number 62-53227
-- (BD - JhCC)10160
040 ## - CATALOGING SOURCE
Original cataloging agency DLC
Transcribing agency NTN
Modifying agency m.c
-- FDA
-- BD - JhCC
041 ## - LANGUAGE CODE
Language code of Book eng
082 ## - DEWEY DECIMAL CLASSIFICATION NUMBER
Author mark and Year STE 1962
Classification number 759.6
099 #2 - LOCAL FREE-TEXT CALL NUMBER
Classification number *ML V-E-VEL1 - 5 - G2
099 #2 - LOCAL FREE-TEXT CALL NUMBER
Classification number *ML A.3VS-E-VEL1 - 6G - G2
100 1# - MAIN ENTRY--PERSONAL NAME
Personal name Stevenson, Robert Alan Mowbray,
Dates associated with a name 1847-1900.
245 10 - TITLE STATEMENT
Title Velazquez /
Statement of responsibility, etc by R.A.M. Stevenson ; with a biographical study of the author by Denys Sutton ; text revised and annotated by Theodore Crombie.
250 ## - EDITION STATEMENT
Edition statement [New rev. ed.]
260 ## - PUBLICATION, DISTRIBUTION, ETC. (IMPRINT)
Place of publication, distribution, etc London :
Name of publisher, distributor, etc G. Bell,
Date of publication, distribution, etc 1962.
300 ## - PHYSICAL DESCRIPTION
Pagination x, 182 p., [24] p. of plates :
Other physical details ill. ;
Dimensions 23 cm.
500 ## - GENERAL NOTE
General note Index: p. [179]-182.
504 ## - BIBLIOGRAPHY, ETC. NOTE
Bibliography, etc Includes bibliography.
600 10 - SUBJECT ADDED ENTRY--PERSONAL NAME
Personal name Velázquez, Diego,
Dates associated with a name 1599-1660.
700 1# - ADDED ENTRY--PERSONAL NAME
Personal name Sutton, Denys.
942 ## - ADDED ENTRY ELEMENTS (KOHA)
Source of classification or shelving scheme Dewey Decimal Classification
Koha item type Books
Holdings
Source of classification or shelving scheme Damaged status Not for loan Home library Current library Shelving location Date of accession Total Checkouts Full call number Barcode Date last seen Copy number Koha item type
Dewey Decimal Classification     JCC Rouf Library JCC Rouf Library General Stacks 04/17/2018   759.6 STE 1962 12791 04/18/2018 C-1 Books

JCC Library | Contacts | JCC Home

Last Update on 23 September 2017
Copyright @ 2017-2020 JCC Rouf Library
Rouf Library, Jhenidah Cadet College (JCC), Bangladesh